[Event "Torcy op-B"]
[Site "Torcy"]
[Date "1991.??.??"]
[Round "?"]
[White "Hunon, JF."]
[Black "Baccot, R."]
[Result "1-0"]
[WhiteElo "1990"]
[BlackElo "1610"]
[PlyCount "84"]
[EventDate "1991.04.??"]
[EventType "swiss"]
[EventRounds "9"]
[EventCountry "FRA"]
[SourceTitle "TD"]
[Source "ChessBase"]
[SourceDate "1994.03.01"]
[SourceVersion "1"]
[SourceVersionDate "1994.03.01"]
[SourceQuality "1"]

1. e4 e5 2. Nf3 Nc6 3. Bb5 f5 4. Nc3 fxe4 5. Nxe4 Nf6 6. d3 d5 7. Ng3 Bd6 8. 0-0 0-0 9. c4 Bg4 10. Bxc6 bxc6 11. h3 Bxf3 12. Qxf3 e4 13. Qe2 Qe8 14. dxe4 Bxg3 15. fxg3 Nxe4 16. Bf4 Qg6 17. Bxc7 Nxg3 18. Bxg3 Qxg3 19. cxd5 Rfe8 20. Qc4 Qe3+ 21. Kh1 cxd5 22. Qxd5+ Kh8 23. Rf3 Qe2 24. Raf1 h6 25. R3f2 Qe3 26. Qd2 Qe6 27. b3 Rad8 28. Qb2 Kg8 29. Rd2 Qa6 30. Rfd1 Rxd2 31. Qxd2 Qa3 32. Rf1 Qa6 33. Rf2 Qb5 34. Qd1 Qa5 35. Re2 Rd8 36. Qc2 Qb6 37. Re7 Qf6 38. Qe2 Rd1+ 39. Qxd1 Qxe7 40. Qd5+ Kh7 41. a4 Qe1+ 42. Kh2 Qa5 1-0

[Event "Torcy op-B"]
[Site "Torcy"]
[Date "1991.??.??"]
[Round "?"]
[White "Ventoruzzo, Jean Francois"]
[Black "Hunon, JF."]
[Result "1/2-1/2"]
[WhiteElo "1770"]
[BlackElo "1990"]
[PlyCount "83"]
[EventDate "1991.04.??"]
[EventType "swiss"]
[EventRounds "9"]
[EventCountry "FRA"]
[SourceTitle "TD"]
[Source "ChessBase"]
[SourceDate "1994.03.01"]
[SourceVersion "1"]
[SourceVersionDate "1994.03.01"]
[SourceQuality "1"]

1. e4 e6 2. d4 d5 3. Nc3 Bb4 4. Nge2 dxe4 5. a3 Be7 6. Nxe4 Nf6 7. N2g3 0-0 8. Bc4 Nbd7 9. Be3 Nxe4 10. Nxe4 Nf6 11. Nxf6+ Bxf6 12. 0-0 c5 13. d5 Bxb2 14. Bxc5 Bxa1 15. Bxf8 Kxf8 16. Qxa1 exd5 17. Qd4 Be6 18. Rd1 Qb6 19. Qxb6 axb6 20. Bxd5 Bxd5 21. Rxd5 Rxa3 22. g3 Rc3 23. Rd8+ Ke7 24. Rb8 Rc7 25. Kf1 h5 26. Ke1 Kd6 27. Kd2 Kc5 28. Re8 g6 29. Kc3 Kd5+ 30. Kd3 b5 31. f4 Rd7 32. Kc3 Rc7+ 33. Kd3 Kd6 34. Re5 Rc5 35. Re8 Kd7 36. Re2 f5 37. Kd4 b6 38. Kd3 Rd5+ 39. Kc3 Rd1 40. Kb4 Rb1+ 41. Kc3 Rc1 42. Kb4 1/2-1/2